00501nam a2200193 a 4500001001300000003000900013005001700022008004100039020001000080082001700090100002100107245004100128260003300169300000900202500003500211505001000246650003000256700002100286nice12345678IN_TiNIC20260116011557.0050524s1908 edia grp 000 0 eng  ac10000a232.908bFOR aForrest, David W aChrist of History and of Experience. aEdinburghbT & T Clarkc1908 a489p aincludes index and biblioraphy2 aIndex aJesus Christ-Historiocity1 aForrest, David W